Datum a čas kvízu
24.5
Celkem bodů
Celkový počet nahraných bodů na tomto kvízu bez doplňovacích otázek.
4.
Pořadí na kvízu
Konečné umístění týmu na tomto kvízu.
Zaznamenané odpovědi
| # | Otázka | Odpověď | Body | Výsledky |
|---|---|---|---|---|
| 1. | Podle průzkumu společnosti Saf... | 0 | ||
| 2. | "Filosof a revolucionář Karl M... | 1 | ||
| 3. | Letošní největší výstava Muzea... | 1 | ||
| 4. | Desítky nových "hackerů" ročně... | 0 | ||
| 5. | Minulý týden začala první cykl... | 1 | ||
| 6. | Košile patří k základním typům... | 1 | ||
| 7. | Dámská obdoba košile se nejčas... | 1 | ||
| 8. | Jak se jmenuje tento politik,... | 0 | ||
| 9. | Ze kterého česko-německého tel... | 1 | ||
| 10. | Polotriko, zkráceně polo, je j... | 1 |